Dinosaurs dominate : (Record no. 279293)
[ view plain ]
| 000 -LEADER | |
|---|---|
| fixed length control field | 01702cam a22004098a 4500 |
| 001 - CONTROL NUMBER | |
| control field | ocn778990607 |
| 003 - CONTROL NUMBER IDENTIFIER | |
| control field | OCoLC |
| 005 - DATE AND TIME OF LATEST TRANSACTION | |
| control field | 20200320190545.0 |
| 008 - FIXED-LENGTH DATA ELEMENTS--GENERAL INFORMATION | |
| fixed length control field | 120301s2013 mnu j 001 0 eng |
| 010 ## - LIBRARY OF CONGRESS CONTROL NUMBER | |
| LC control number | 2012002749 |
| 020 ## - INTERNATIONAL STANDARD BOOK NUMBER | |
| International Standard Book Number | 9781848986282 (hardcover, library bound) |
| 020 ## - INTERNATIONAL STANDARD BOOK NUMBER | |
| International Standard Book Number | 1848986289 (hardcover, library bound) |
| 020 ## - INTERNATIONAL STANDARD BOOK NUMBER | |
| Terms of availability | 19.95 |
| 035 ## - SYSTEM CONTROL NUMBER | |
| System control number | (OCoLC)778990607 |
| 040 ## - CATALOGING SOURCE | |
| Original cataloging agency | DLC |
| Language of cataloging | eng |
| Transcribing agency | DLC |
| Modifying agency | BTCTA |
| -- | WACOL |
| 042 ## - AUTHENTICATION CODE | |
| Authentication code | pcc |
| 049 ## - LOCAL HOLDINGS (OCLC) | |
| Holding library | WACL |
| 050 00 - LIBRARY OF CONGRESS CALL NUMBER | |
| Classification number | QE733 |
| Item number | .D588 2013 |
| 082 00 - DEWEY DECIMAL CLASSIFICATION NUMBER | |
| Classification number | 560/.1766 |
| Edition number | 23 |
| 092 ## - LOCALLY ASSIGNED DEWEY CALL NUMBER (OCLC) | |
| Classification number | J560 |
| Item number | Dix |
| 100 1# - MAIN ENTRY--PERSONAL NAME | |
| Personal name | Dixon, Dougal. |
| 9 (RLIN) | 14628 |
| 245 10 - TITLE STATEMENT | |
| Title | Dinosaurs dominate : |
| Remainder of title | Jurassic life / |
| Statement of responsibility, etc | by Dougal Dixon. |
| 260 ## - PUBLICATION, DISTRIBUTION, ETC. (IMPRINT) | |
| Place of publication, distribution, etc | Mankato, Minn. : |
| Name of publisher, distributor, etc | NewForest Press, |
| Date of publication, distribution, etc | 2013. |
| 263 ## - PROJECTED PUBLICATION DATE | |
| Projected publication date | 1301 |
| 300 ## - PHYSICAL DESCRIPTION | |
| Extent | p. cm. |
| 490 0# - SERIES STATEMENT | |
| Series statement | Awesome ancient animals |
| 520 ## - SUMMARY, ETC. | |
| Summary, etc | "Describes some of the animals of the Jurassic Period, a time when dinosaurs reached their biggest sizes. Includes an Animal Families glossary, prehistory timeline, and pronunciation guides"-- |
| -- | Provided by publisher. |
| 500 ## - GENERAL NOTE | |
| General note | Includes index. |
| 505 0# - FORMATTED CONTENTS NOTE | |
| Formatted contents note | Timeline -- Ichthyosaurus -- Cryptoclidus -- Liopleurodon -- Pterodactylus -- Camptosaurus -- Heterodontosaurus -- Scutellosaurus -- Stegosaurus -- Brachiosaurus -- Brachytrachelopan -- Allosaurus -- Guanlong -- Animal families. |
| 650 #0 - SUBJECT ADDED ENTRY--TOPICAL TERM | |
| Topical term or geographic name as entry element | Paleontology |
| Chronological subdivision | Jurassic |
| Form subdivision | Juvenile literature. |
| 9 (RLIN) | 5875020 |
| 650 #0 - SUBJECT ADDED ENTRY--TOPICAL TERM | |
| Topical term or geographic name as entry element | Dinosaurs |
| Form subdivision | Juvenile literature. |
| 9 (RLIN) | 5673950 |
| 938 ## - | |
| -- | Baker and Taylor |
| -- | BTCP |
| -- | BK0011923421 |
| 942 ## - ADDED ENTRY ELEMENTS (KOHA) | |
| Koha item type | BOOK |
| 948 ## - LOCAL PROCESSING INFORMATION (OCLC); SERIES PART DESIGNATOR (RLIN) | |
| Series part designator, SPT (RLIN) | 11/28/2012 |
| z (OCLC) | Sirsi |
| 994 ## - | |
| -- | 02 |
| -- | WACOL |
| 996 ## - | |
| -- | 94245 |
| -- | 34301001127390 |
| -- | JNF |
| -- | bk |
| -- | wcl |
| -- | i |
| -- | 16 |
| -- | 19.95 |
| -- | broadreach |
| -- | 560 Dix |
| -- | 11/30/2012 |
| -- | 12/20/2019 |
| -- | 12/12/2019 |
| Withdrawn status | Lost status | Source of classification or shelving scheme | Damaged status | Not for loan | Collection code | Home library | Current library | Shelving location | Date acquired | Cost, normal purchase price | Total Checkouts | Total Renewals | Full call number | Barcode | Date last seen | Date checked out | Cost, replacement price | Price effective from | Koha item type |
|---|---|---|---|---|---|---|---|---|---|---|---|---|---|---|---|---|---|---|---|
| Dewey Decimal Classification | Junior NonFiction | Wasatch County Library | Wasatch County Library | Second Floor | 11/30/2012 | 19.95 | 20 | 3 | J 560 Dix | 34301001127390 | 12/26/2025 | 02/24/2025 | 19.95 | 03/20/2020 | BOOK |
